| 000 | 02581cam a22003013i 4500 | ||
|---|---|---|---|
| 001 | 12858487 | ||
| 005 | 20251029133641.0 | ||
| 008 | 231004t20232023quc e 000 1 fre d | ||
| 020 | _a9782925141709 | ||
| 035 | _a(OCoLC)on1395955908 | ||
| 035 | _a(CaBVaU)12858487 | ||
| 037 |
_a204025355 _bGroupe Archambault |
||
| 040 |
_aTOH _beng _cTOH _erda _dOCLCQ _dUBC _dUtOrBLW |
||
| 041 | _afre | ||
| 050 | 4 |
_aPS8613.O342 _bC66 2023 |
|
| 100 |
_aGodin, Louis-Daniel _eauthor _926348 |
||
| 245 | 1 | 3 |
_aLe compte est bon _c/ Louis-Daniel Godin. |
| 260 |
_aSaguenay (Quebec) : _bEditions la Peuplade, _c2023. |
||
| 300 |
_a261 pages ; _c19 cm. |
||
| 520 | _aChildren are born in cabbages, you can buy cabbages at the grocery store, you can buy children. The child arrives in his family at the age of five days. At a very young age, love and money tormented him. Do you owe someone a debt when you are adopted? From then on, he continues to obsessively count the losses and gains: a pilfered chocolate, a confiscated twenty-dollar bill, the prize from a game show, gifts to his mother as well as failed acts. But how can you find what you're looking for? How can you count yourself when a gap, a breach, a hole, appears between childhood memories and what really was, between your social environment and your new passions? How can we fill this hole represented by the first five days of life where we were floating between two names? | ||
| 520 | _aLes enfants naissent dans les choux, on peut acheter des choux à l’épicerie, donc on peut acheter des enfants. L’enfant arrive dans sa famille à l’âge de cinq jours. Très tôt, l’amour et l’argent le tourmentent. Doit-on une dette à quelqu’un lorsqu’on est adopté ? Dès lors, il ne cesse de compter obsessivement les pertes et les gains : un chocolat chapardé, un billet de vingt dollars confisqué, le gain d’un jeu télévisé, les cadeaux offerts à sa mère comme autant d’actes manqués. Mais comment retrouver ce que l’on cherche ? Comment se compter soi-même lorsqu’un écart, une brèche, un trou s’ouvre entre les souvenirs d’enfance et ce qui a réellement été, entre son milieu social et ses nouvelles passions ? Comment combler ce vide représenté par les cinq premiers jours de la vie, durant lesquels on flottait entre deux noms ? | ||
| 650 | 0 |
_aAdopted children _vFiction _926223 |
|
| 650 | 0 |
_aAdoptive parents _vFiction _926354 |
|
| 650 | 0 |
_aIdentity (Psychology) _vFiction _923963 |
|
| 650 | 0 |
_aMemory _vFiction _910588 |
|
| 651 | 0 |
_aQuébec (Province) _vFiction _926355 |
|
| 942 | _2lcc | ||
| 999 |
_c5116 _d5116 |
||